Het Kiev-Roes Rijk - Statistieken

Algemene statistieken
  • Deze quiz is 13 keer genomen
  • De gemiddelde score is 8 van 15
Antwoordstatistieken
Hint Antwoord % Correct
Hoe noemde de oorspronkelijke bevolkingsgroep die leefde in Oost-Europa vanaf de klassieke oudheid? Slaven
89%
Welke stad betekent letterlijk de nieuwe stad en was één van de belangrijkste steden van het Kiev-Roes Rijk? Novgorod
78%
Hoe noemt het schrift dat zal ontstaan in het Kiev-Roes Rijk op basis van het Grieks alfabet? Cyrillisch
67%
Door welk volk kwam het Kiev-Roes Rijk uiteindelijk ten val? Mongolen
67%
Met welke term worden de Roes of de Zweden die naar Oost-Europa trokken ook wel aangeduid? Varjagen
67%
Hoe noemt de democratische raad die ontstond in de steden van het Kiev-Roes Rijk? Vetsje
67%
Geef een andere benaming voor amber of gefossiliseerde hars. Barnsteen
56%
Eén nederzetting zal grotendeels gespaard blijven, welke (hedendaagse) stad zal later de geschiedkundige erfenis claimen van het Kiev-Roes Rijk? Moskou
56%
Hoe noemde de vrouw van koning Igor die op een verschrikkelijke manier wraak nam op de Drevljanen? Olga
56%
Hoe noemt het bekendste en meest uitgebreide boek dat we hebben over de geschiedenis van het Kiev-Roes Rijk? Nestorkroniek
44%
Wat betekend de term Roes? Roeiers
44%
Van welk groot rijk nam hij dit geloof over? Byzantijnse Rijk
33%
Naar welke heilige is de kathedraal van Kiev vernoemd? Sofia
33%
Wie zorgde er voor dat het Kiev-Roes Rijk christelijk werd? Volodymyr de Grote
22%
In welke rivier moest de bevolking van het Kiev-Roes Rijk zich laten dopen? Dnjepr
11%
Geen overeenkomende quizzen gevonden
Scoreverdeling
Procent van Mensen met Elke Score
Percentiel versus Aantal Correcte Antwoorden
Uw Scoregeschiedenis
U heeft deze quiz nog niet genomen